Význam environmentálneho manažérstva v spoločnosti Mondelez SR Production s.r.o.

Analýza významu zavedeného systému environmentálneho manažérstva v potravinárskej spoločnosti Mondelez SR Production s.r.o., ktorá sa zaoberá výrobou čokolády a cukroviniek.

Saved in:
Bibliographic Details
Main Author: Markovičová, Laura
Other Authors: Karkalíková, Marta
Format: Book Chapter
Language:Slovak
Subjects:
Tags: Add Tag
No Tags, Be the first to tag this record!

MARC

LEADER 00000nla a2200000 4500
001 0195751
005 20240502073305.4
041 0 |a slo 
044 |a SK 
245 1 0 |a Význam environmentálneho manažérstva v spoločnosti Mondelez SR Production s.r.o.  |c Laura Markovičová, Marta Karkalíková 
520 |a Analýza významu zavedeného systému environmentálneho manažérstva v potravinárskej spoločnosti Mondelez SR Production s.r.o., ktorá sa zaoberá výrobou čokolády a cukroviniek. 
610 2 0 |a potravinárstvo 
610 2 0 |a priemysel potravinársky 
610 2 0 |a manažment environmentálny 
610 2 0 |a systémy environmentálne manažérske 
100 1 |a Markovičová, Laura 
700 1 |a Karkalíková, Marta